LEADER 00788nam0-22002771i-450- 001 990005847140403321 005 19990530 035 $a000584714 035 $aFED01000584714 035 $a(Aleph)000584714FED01 035 $a000584714 100 $a19990530f19001997km-y0itay50------ba 101 0 $aita 105 $ay-------001yy 200 1 $aFrancesca da Rimini$eTragedia$aEufemio di Messina$eTragedia$fSilvio Pellico 210 $a[s.l.]$c[s.n.]$d[s.d.] 215 $a120 p.$d18 cm 700 1$aPellico,$bSilvio$f<1789?1854> 801 0$aIT$bUNINA$gRICA$2UNIMARC 901 $aBK 912 $a990005847140403321 952 $aBIBL.FOL. 1144$bBIBL. 40750$fFLFBC 959 $aFLFBC 996 $aEufemio di Messina$9566130 996 $aFrancesca da Rimini$9566129 997 $aUNINA